Normal view MARC view
  • Goyal, Jagvir

Entry Personal Name

Number of records used in: 1

001 - CONTROL NUMBER

  • control field: 41067

003 - CONTROL NUMBER IDENTIFIER

  • control field: NUST

005 - DATE AND TIME OF LATEST TRANSACTION

  • control field: 20210314131945.0

008 - FIXED-LENGTH DATA ELEMENTS

  • fixed length control field: 210314|| aca||aabn | a|a d

040 ## - CATALOGING SOURCE

  • Original cataloging agency: NUST
  • Transcribing agency: NUST

100 ## - HEADING--PERSONAL NAME

  • Personal name: Goyal, Jagvir

670 ## - SOURCE DATA FOUND

  • Source citation: Work cat.: (NUST): Goyal, Jagvir, Expeditious construction of tall R.C.C. chimneys, 1994
© 2023 Central Library, National University of Sciences and Technology. All Rights Reserved.